Inovácia základných pedagogických dokumentov a učebníc ekonomiky pre gymnáziá a ostatné stredné školy s neekonomickým zameraním záverečná správa o riešení projektu KEGA č. 3/5276/07

Salvato in:
Dettagli Bibliografici
Autore principale: Novák, Jaromír, 1978-
Ente Autore: Národohospodárska fakulta EU. Katedra pedagogiky
Natura: Libro
Lingua:slovacco
Pubblicazione: Bratislava 2009
Soggetti:
Tags: Aggiungi Tag
Nessun Tag, puoi essere il primo ad aggiungerne!!

MARC

LEADER 00000nam a2200000 4500
001 0119792
005 20240503073435.1
041 0 |a slo 
044 |a SK 
245 1 0 |a Inovácia základných pedagogických dokumentov a učebníc ekonomiky pre gymnáziá a ostatné stredné školy s neekonomickým zameraním  |b záverečná správa o riešení projektu KEGA č. 3/5276/07  |c vedúci projektu Jaromír Novák 
264 1 |a Bratislava  |c 2009 
300 |a [30] s. 
610 2 0 |a školy stredné 
610 2 0 |a školy základné 
610 2 0 |a vyučovanie 
610 2 0 |a školy stredné odborné 
610 2 0 |a učebnice 
610 2 0 |a pomôcky učebné 
100 1 |a Novák, Jaromír, 1978- 
710 2 |a Národohospodárska fakulta EU. Katedra pedagogiky